| 000 | 00468cam a2200181ua 4500 | ||
|---|---|---|---|
| 001 | 370 | ||
| 008 | 110330n ii |||gr||||Z||||||eng | ||
| 040 | _cMAIN | ||
| 082 | _a341.23 | ||
| 245 | 1 |
_aInternational organisation _cby L.N. Srivastva |
|
| 250 | _a2nd. | ||
| 260 |
_aDelhi: _bSurjeet book depot,976. |
||
| 300 |
_aiv, 276p.: _c20cm. |
||
| 653 | _aPolitical science | ||
| 653 | _aInternational organisation | ||
| 700 |
_aSrivastava, L.N. , _eAuthor. |
||
| 942 | _cBK | ||
| 999 |
_c317 _d317 |
||